| 000 | 00548nam a2200181Ia 4500 | ||
|---|---|---|---|
| 999 |
_c21002 _d21002 |
||
| 003 | OSt | ||
| 005 | 20200615101743.0 | ||
| 008 | 190216s9999||||xx |||||||||||||| ||und|| | ||
| 020 | _a9788173912269 | ||
| 040 | _coclc | ||
| 082 |
_a305.40954 _bMEH/P |
||
| 100 |
_aMehta, Arati _92866 |
||
| 245 | 0 |
_aProgressive Women And Political Identity / _cArati Mehta |
|
| 250 | _a2nd Ed. | ||
| 260 |
_bKanishka Publishers & Distributers, _aNew Delhi: _c2004. |
||
| 300 | _a354p | ||
| 942 |
_cBK _2ddc _h305.40954 _iMEH/P _k305.40954 _mMEH/P |
||